000 00532nam a2200217Ia 4500
999 _c59651
_d59651
003 0100
005 20170601110921.0
008 130303s9999 xx 000 0 und d
020 _a0869227807
040 _cARRUPELIB
050 _aDT2984.M99B47 2004
100 _aBhebe, Ngwabi
_916865
245 _aSimon Vengayi Muzenda
245 _bthe struggle for and liberation of Zimbabwe
260 _bMombo Press
_aGweru
_c2004
300 _axi
300 _b 297p. 21cm.
600 _aMuzenda, Simon Vengayi
_931880
650 _bNational liberation movements
_zZimbabwe
_914781
650 _bZimbabwe
_xHistory
_xChimurenga war
_923123
942 _2lcc
_cMONOGRAPH